Geography Quiz

Random Geography or City Quiz

Which US City is Furthest East Quiz Stats

 Plays Quiz not verified by Sporcle

Score 0/25 Timer 03:00
0 Plays Today
U.S. Cities Which City is Furthest East % Correct
San Francisco or San Jose???
81.8%
San Diego or Los Angeles???
76.6%
Dallas or Houston???
74%
Cincinnati or Cleveland???
72.7%
Minneapolis or St. Paul???
67.5%
Milwaukee or Chicago???
66.2%
Albuquerque or Denver???
64.9%
St. Louis or New Orleans???
63.6%
Dallas or Fort Worth???
59.7%
Louisville or Indianapolis???
58.4%
San Antonio or Oklahoma City???
58.4%
Salt Lake City or Phoenix???
57.1%
Boston or Providence???
56.8%
U.S. Cities Which City is Furthest East % Correct
Miami or Baltimore???
55.8%
Durham or Chapel Hill???
54.5%
Kansas City or Omaha???
49.4%
Colorado Springs or El Paso???
47.7%
Portland or Seattle???
44.2%
Nashville or Birmingham???
44.2%
Atlanta or Detroit???
42.9%
Charlotte or Pittsburgh???
37.7%
San Jose or Oakland???
37.7%
Baltimore or Syracuse???
31.2%
Orlando or Jacksonville???
28.6%
Albany or New York???
18.2%

You're not logged in!

Compare scores with friends on all Sporcle quizzes.
OR
Log In

Sporcle TV

Today on Sporcle TV


Watch our educational content, quiz creation guides, and fun videos on Sporcle TV.

Show Comments

Extras

Created Jan 1, 2015ReportNominate
Tags:City Quiz, east, US City

Top Quizzes Today


Score Distribution

Your Account Isn't Verified!

In order to create a playlist on Sporcle, you need to verify the email address you used during registration. Go to your Sporcle Settings to finish the process.

Report this User

Report this user for behavior that violates our Community Guidelines.

Details: